000 00894nam a2200265 i 4500
001 bgj
100 1 _aSAINT-EXUPERY, Antoine de.
245 1 0 _aSüdkurier /
_cAntoine de Saint-Exupery ; [Der Roman "Südkurier" wurde aus dem Französichen übersetzt von Paul Graf Thun-Hohenstein ; Di "Frühen Schriften" wurden überstzt von Oswalt von Nositz].
246 _aFrühe Schriften
250 _aUngekürzte Ausgabe.
260 _aFrankfurt am Main :
_bFischer Taschenbuch Verlag,
_c1980.
300 _a157, [1] s. ;
_c18 cm.
490 1 _aFischer-Taschenbücherei
_v2228
700 1 _aTHUN-HOHENSTEIN, Paul.
700 1 _aNOSITZ, Oswalt von.
830 _aFischer-Taschenbücherei
020 _a3596222281
040 _cBPK
041 1 _ager
_hfre
044 _aDEU
080 _a821.133.1
920 _a3-596-222281-1
942 _cKS
008 s gw f |000 0 ger
999 _c50632
_d50632
856 _uhttp://koha.tu.koszalin.pl/cgi-bin/koha/opac-detail.pl?biblionumber=50632
_yKatalog online BPK